| 000 | 00954cam a2200325 a 4500 | ||
|---|---|---|---|
| 001 | 1766596 | ||
| 003 | BD-DhUL | ||
| 005 | 20171214112901.0 | ||
| 008 | 750327s1976 nyua b 001 0 eng | ||
| 020 |
_a0070050473 _c$18.95 |
||
| 035 | _a1766596 | ||
| 040 |
_aLC _beng _cLC _dNSL:R _dBD-DhUL |
||
| 050 | 0 | 0 |
_aTD897 _b.B38 1976 |
| 082 | 0 | 4 | _a628.5/4 |
| 082 | 0 | 4 |
_a628.5 _bBET |
| 100 | 1 | 0 | _aBesselievre, Edmund Bulkley, |
| 245 | 1 | 0 |
_aThe treatment of industrial wastes / _cEdmund B. Besselievre and Max Schwartz. |
| 250 | _a2nd ed. | ||
| 260 |
_aNew York : _bMcGraw-Hill, _cc1976. |
||
| 300 |
_aviii, 386 p. : _bill. ; _c24 cm. |
||
| 500 | _aIncludes index. | ||
| 504 | _aBibliography: p. 371-376. | ||
| 505 | 0 | _aIncludes index. | |
| 650 | 0 | _aFactory and trade waste. | |
| 650 | 0 |
_aSewage _xPurification. |
|
| 650 | 0 |
_aWater _xPollution. |
|
| 700 | 1 |
_aSchwartz, Max _ejt. aut. |
|
| 942 |
_2ddc _cBK |
||
| 984 |
_aANL _c628.54 B557-2 <00473126> |
||
| 999 |
_c233133 _d233133 |
||